000 00870nas a2200301 4500
001 BR2011005085
003 BR-BrBNA
005 20231205115555.0
007 ta
008 230509b bl.|||p| |||| 00| 00por d
040 _aBR-BrBNA
_bpor
_cBiblioteca Nacional de Agricultura
041 _a(Pt)
072 _aK10
100 1 _aGrave, F.
100 1 _aFranco, E.T.H.
100 1 _aPacheco, J.P.
100 1 _aSantos, S.R.
245 1 _aCrescimento de plantas jovens de açoita-cavalo em quatro diferentes substratos
650 _aGERMINAÇÃO
650 _aCRESCIMENTO
650 _aSEMENTE
650 _aMUDA
650 _aSUBSTRATO DE CULTURA
650 _aFLORESTA
773 0 _tCiência Florestal (Brazil)
_xISSN 0103-9954
_g(Sep-Dec 2007), v. 17(3-4) p. 289-298
_wBR2011005085
909 _a202311
_bLúcia
_c55
_dLúcia Elande
942 _2AGRIS
_n0
_cANA
999 _c214545
_d214545